Movies Quiz

Random Movies or Pixar Quiz
Score 0/20 Timer 10:00
0 Plays Today
Other Role Character % Correct
Ellen MorganDory (Ellen Degeneres)
79.3%
Green Goblin/Norman OsbornGill (Willem Dafoe)
56.9%
Estelle CostanzaMrs. Potato Head (Estelle Harris)
51.7%
Lester BurnhamHopper (Kevin Spacey)
46.6%
Elaine BenesPrincess Atta (Julia Louis-Dreyfus)
46.6%
Deloris Van Cartier/Sister Mary ClarenceStretch (Whoopi Goldberg)
44.8%
Captain Georg von TrappCharles F. Muntz (Christopher Plummer)
43.1%
ArielBarbie (Jodi Benson)
43.1%
Dr. Frasier CraneStinky Pete the Prospector (Kelsey Grammer)
43.1%
Spencer OlchinRemy (Patton Oswalt)
39.7%
Other Role Character % Correct
'Uncle' Felix GummRamone (Cheech Marin)
32.8%
Bonnie SwansonCelia Mae (Jennifer Tilly)
31%
Jeff GreeneCaptain B. McCrea, Buttercup, Otis (Jeff Garlin)
29.3%
DiegoFrancis (Denis Leary)
29.3%
YodaJeff Fungus (Frank Oz)
27.6%
BrittHenry J. Waternoose III (James Coburn)
25.9%
Molly WeasleyThe Witch (Julie Walters)
22.4%
Tony BlundettoRandall Boggs (Steve Buscemi)
19%
Malcolm 'Mal' ReynoldsJohnny J. Worthington III (Nathan Fillion)
15.5%
Jesus QuintanaFrancesco Bernoulli (John Turturro)
10.3%
Remove Ads.
Support Sporcle.
Get the best of Sporcle when you Go Orange. This ad-free experience offers more features, more stats, and more fun while also helping to support Sporcle. Thank you for becoming a member.

You're not logged in!

Compare scores with friends on all Sporcle quizzes.
OR
Log In

Show Comments

Extras

Created Dec 30, 2012ReportNominate
Tags:Actor Quiz, Pixar Quiz, Character

Top Quizzes Today


Score Distribution

Your Account Isn't Verified!

In order to create a playlist on Sporcle, you need to verify the email address you used during registration. Go to your Sporcle Settings to finish the process.

Report this User

Report this user for behavior that violates our Community Guidelines.

Details: